000 00663nam a2200253Ia 4500
003 OSt
005 20221002054632.0
006 a|||||r|||| 00| 0
007 ta
008 220930b |||||||| |||| 00| 0 eng d
024 _a66086
037 _cReference Collections
040 _aCRL
_cCRL
_beng
041 _2eng
_aeng
082 _awn1,N36, J9;K6
245 0 _aInternational who's who 1966-67
250 _a30th
260 _aLondon
_bEuropa Publications UK
_c1966
300 _a1365p.
_ccm.
650 _a BIOGRAPHY
650 _aPOLITICAL SCIENCE
942 _hwn1,N36, J9;K6
_cref
_2CC
999 _c925374
_d925374